| 000 | 00647cam a2200193 a 4500 | ||
|---|---|---|---|
| 001 | 000010541 | ||
| 005 | 20250429112052.0 | ||
| 008 | 810403s1943 ag a 000 0 spa d | ||
| 040 |
_aDO-SdBNP _bspa _cBNPHU |
||
| 082 |
_a901.9 _bO77a, 1943 |
||
| 100 | 1 |
_aOrtega y Gasset, José, _d1883-1955. _95769 |
|
| 245 | 1 | 4 |
_aLas Atlántidas : _bcon unas figuras del Sudán y de la China / _cJosé Ortega y Gasset. |
| 250 | _a2a ed. | ||
| 260 |
_aBuenos Aires, Argentina : _bSudamericana, _c1943. |
||
| 300 |
_a88 p. : _bil. ; _c25 cm. |
||
| 650 | 0 |
_aHistoria antigua _918158 |
|
| 651 | 4 |
_aChina _xCivilización _925569 |
|
| 651 | 4 |
_aSudán _xCivilización _925570 |
|
| 999 |
_c10299 _d10299 |
||